000
00331nam a22001337a 4500
003
SGT
020
_a
9789380458748
082
_a
920
_b
D15S
100
_a
सिंह, शरद
245
_a
दीनदयाल उपाधयाय
260
_b
सामयिक बुक्स
_c
2015
300
_a
175
942
_2
ddc
_c
BK
999
_c
31955
_d
31955